OPAC Home

ගුවන්විදුලිය,රූපවාහිනිය,ජනතාව (Record no. 118862)

MARC details
000 -LEADER
fixed length control field 00506nam a2200169Ia 4500
003 - CONTROL NUMBER IDENTIFIER
control field LK-CoDNM
008 - FIXED-LENGTH DATA ELEMENTS--GENERAL INFORMATION
fixed length control field 010623t1998 xxu||||| |||| 00| 1 sin d
040 ## - CATALOGING SOURCE
Original cataloging agency LK-CoDNM
Modifying agency LK-CoDNM
Description conventions LK-CoDNM
041 ## - LANGUAGE CODE
Language code of text/sound track or separate title Sinhala; Sinhalese
080 ## - UNIVERSAL DECIMAL CLASSIFICATION NUMBER
Universal Decimal Classification number 659.3
Item number VIT
942 ## - ADDED ENTRY ELEMENTS (KOHA)
Koha item type Books
100 ## - MAIN ENTRY--PERSONAL NAME
Personal name Vithanage,Chandrasoma
245 ## - TITLE STATEMENT
Title ගුවන්විදුලිය,රූපවාහිනිය,ජනතාව
246 ## - VARYING FORM OF TITLE
Title proper/short title Guwanviduliya,Rupawahiniya,Janathawa
260 ## - PUBLICATION, DISTRIBUTION, ETC. (IMPRINT)
Name of publisher, distributor, etc. Vishva Lekha
Place of publication, distribution, etc. Ratmalana
Date of publication, distribution, etc. 1998
300 ## - PHYSICAL DESCRIPTION
Other physical details 84p, 21 cm
Holdings
Withdrawn status Lost status Damaged status Not for loan Collection code Permanent Location Current Location Date acquired Full call number Barcode Koha item type
        Monographs Library National Museum Colombo - Sri Lanka Library National Museum Colombo - Sri Lanka 2023-08-02 659.3 VIT 136737 Books
Copyright © 2023 Department of National Museum, Colombo 07, Sri Lanka Funded by UNESCO IFAP UNESCO